书目信息 |
| 题名: |
地理课程论
|
|
| 作者: | 王民 著 | |
| 分册: | ||
| 出版信息: | 南宁 广西教育出版社 2001 |
|
| 页数: | 234页 | |
| 开本: | 20cm | |
| 丛书名: | ||
| 单 册: | ||
| 中图分类: | G633.553 | |
| 科图分类: | ||
| 主题词: | 教育--各级 | |
| 电子资源: | ||
| ISBN: | 7-5435-3323-5 | |
| 000 | 00497nam0 2200181 450 | |
| 001 | 0736196517 | |
| 005 | 20070924100316.51 | |
| 010 | @a7-5435-3323-5@d¥14.80 | |
| 100 | @a20070924d km y0chiy0120 ea | |
| 101 | 0 | @achi |
| 200 | 1 | @a地理课程论@Adi li ke cheng lun@f王民 著@Fwang min zhu |
| 210 | @a南宁@c广西教育出版社@d2001 | |
| 215 | @a234页@d20cm | |
| 606 | 0 | @a教育@x各级 |
| 690 | @aG633.553@v3 | |
| 701 | 0 | @a王民@Awang min@4著 |
| 801 | 0 | @aCN@bPFT@c20070924 |
| 905 | @a213230@dG633.553@eZY7@f1 | |
| 地理课程论/王民 著.-南宁:广西教育出版社,2001 |
| 234页;20cm |
| ISBN 7-5435-3323-5:¥14.80 |
| ● |
| 相关链接 |
|
|
|
|
正题名:地理课程论
索取号:G633.553/ZY7
 
预约/预借
| 序号 | 登录号 | 条形码 | 馆藏地/架位号 | 状态 | 备注 |
| 1 | 7900416 | 279004168 | 资源管理系资料室/ [索取号:G633.553/ZY7] | 在馆 |